Statistics for Spider-Man villains in movies so far

Click here to take the quiz!

General Stats

  • This quiz has been taken 61 times
  • The average score is 11 of 15

Answer Stats

Answer% Correct
venom
100%
Green goblin
98%
mysterio
94%
sand man
94%
doctor octopus
92%
vulture
92%
electro
90%
lizard
88%
rhino
75%
Shocker
69%
Tinkerer
42%
Harry Osborn
40%
Hydro man
35%
Molten man
29%
Chameleon
23%

Score Distribution

Percentile by Number Answered

Percent of People with Each Score

Your Score History

You have not taken this quiz